Diseño e implementación de un analizador de espectro para audiofrecuencias
Uloženo v:
| Hlavní autor: | |
|---|---|
| Médium: | Kniha |
| Vydáno: |
[San José, Costa Rica]
2004
|
| Témata: | |
| Tagy: |
Přidat tag
Žádné tagy, Buďte první, kdo vytvoří štítek k tomuto záznamu!
|
MARC
| LEADER | 00000nam a2200000Ia 4500 | ||
|---|---|---|---|
| 003 | 009308 | ||
| 005 | 20221231144140.0 | ||
| 008 | 140114s2004 cr a m 000 ||s d | ||
| 040 | |c cru CEDI | ||
| 090 | |a TFG 4847 | ||
| 100 | |a Granados Aguilar, Juan Pablo |9 6557 | ||
| 245 | |a Diseño e implementación de un analizador de espectro para audiofrecuencias | ||
| 260 | |c 2004 |a [San José, Costa Rica] | ||
| 300 | |a ix, 40 hojas : ilustraciones (algunas a color) | ||
| 500 | |a Proyecto de graduación (bachillerato en ingeniería)--Universidad de Costa Rica. Facultad de Ingeniería. Escuela de Ingeniería Eléctrica | ||
| 650 | |x MICROCONTROLADORES |x CIRCUITOS INTEGRADOS DIGITALES |x CONVERTIDORES ANALOGICO - DIGITALES |x INTERFASES GRAFICAS CON EL USUARIO (SISTEMAS PARA COMPUTADORA) |9 6558 | ||
| 942 | |c TFG | ||
| 999 | |c 17586 |d 17586 | ||
